Akhenatón / (Record no. 177015)

MARC details
000 -LEADER
campo de control de longitud fija 00617nam a22002055i 4500
001 - NÚMERO DE CONTROL
campo de control 177015
003 - IDENTIFICADOR DE NÚMERO DE CONTROL
campo de control ES-MaACL
005 - FECHA Y HORA DE LA ÚLTIMA TRANSACCIÓN
campo de control 20230906220231.0
008 - DATOS DE LONGITUD FIJA--INFORMACIÓN GENERAL
campo de control de longitud fija 110224s2010 sp |||| | spa d
080 ## - NÚMERO DE LA CLASIFICACIÓN DECIMAL UNIVERSAL
Número de la Clasificación Decimal Universal 821.411.21(620)-31"19"
100 1# - ENTRADA PRINCIPAL--NOMBRE DE PERSONA
Nombre de persona Mahfuz, Naguib.
9 (RLIN) 75531
245 10 - MENCIÓN DEL TÍTULO
Título Akhenatón /
Mención de responsabilidad, etc. Naguib Mahfuz ; [traducción de Ángel Mestres Valero].
260 ## - PUBLICACIÓN, DISTRIBUCIÓN, ETC.
Lugar de publicación, distribución, etc. [Madrid] :
Nombre del editor, distribuidor, etc. Diario Público,
Fecha de publicación, distribución, etc. D. L. 2010.
300 ## - DESCRIPCIÓN FÍSICA
Extensión 155 p. ;
Dimensiones 20 cm.
490 1# - MENCIÓN DE SERIE
Mención de serie Premios Nobel
700 1# - ENTRADA AGREGADA--NOMBRE PERSONAL
Nombre de persona Mestres Valero, Ángel.
9 (RLIN) 145373
830 0# - PUNTO DE ACCESO ADICIONAL DE SERIE-TÍTULO UNIFORME
Título uniforme Premios Nobel
9 (RLIN) 190333
852 ## - LOCALIZACIÓN
Ubicación ES-MaACL
Número de control de estantería E-14430
Holdings
Estatus retirado Estado de pérdida Estado de daño No para préstamo Biblioteca de origen Biblioteca actual Ubicación en estantería Fecha de adquisición Fuente de adquisición Total de préstamos Signatura topográfica completa Código de barras Visto por última vez Precio de reemplazo Tipo de ítem Koha
        Biblioteca del Ateneo de Madrid Biblioteca del Ateneo de Madrid Depósito 2 24/02/2011     E-14430 1185917 23/02/2023 23/02/2023 Libro impreso